00420nam a2200169 a 450000100060000000300090000600800410001502000150005604000280007108200160009910000170011524500370013225000060016926000510017530000110022665000130023711731CO-ViMGA141112s2004 ck r 000 u spa d a8449303559 aCO-ViMGAbspacCO-ViMGA04a340.11 B17j1 aBarry, Brian10aLa justicia como imparcialidad  a1 aBarcelon, cediciones Paidós Iberica, c1997 a382 p.14aJUSTICIA